MARC

LEADER 00000nam0a2200000 4500
001 373267
005 20231102012541.0
035 |a (RuTPU)RU\TPU\retro\30695 
035 |a RU\TPU\book\269049 
090 |a 373267 
100 |a 20221215d1966 k y0rusy50 ca 
101 0 |a rus 
102 |a RU 
105 |a a z 001zy 
200 1 |a Методы борьбы со сводообразованием сыпучих материалов в емкостях  |e обзор  |f А. Н. Новиков  |g Научно-исследовательский институт информации по строительному, дорожному и коммунальному машиностроению (НИИИинстройдоркоммунмаш) 
210 |a Москва  |c Изд-во НИИИнфстройдоркоммунмаш  |d 1966 
215 |a 71 с.  |c ил. 
225 1 |a Серия II: Оборудование для промышленности строительных материалов 
320 |a Библиогр.: с. 64-69. 
606 1 |a Здания и сооружения  |2 stltpush  |3 (RuTPU)RU\TPU\subj\11661  |9 38579 
606 1 |a Сыпучие материалы  |x Строительная механика  |2 stltpush  |3 (RuTPU)RU\TPU\subj\58471  |9 76260 
610 1 |a физико-механические свойства 
610 1 |a сводообразование 
610 1 |a гранулометрический состав 
610 1 |a емкости 
610 1 |a стенки 
610 1 |a уплотнения 
610 1 |a влажность 
610 1 |a сводообрушители 
610 1 |a механические сводообрушители 
675 |a 624.91  |v 3 
700 1 |a Новиков  |b А. Н. 
712 0 2 |a Научно-исследовательский институт информации по строительному, дорожному и коммунальному машиностроению (НИИИинстройдоркоммунмаш)  |2 stltpush  |3 (RuTPU)RU\TPU\col\13082 
801 1 |a RU  |b 63413507  |c 20140109 
801 2 |a RU  |b 63413507  |c 20221215  |g RCR 
942 |c BK